| 000 | 01372cab a2200217 4500 | ||
|---|---|---|---|
| 001 | L130930 | ||
| 008 | 050919n2005 000 0 eng u | ||
| 035 | _a(Sirsi) u130930 | ||
| 041 | 0 | _aeng | |
| 100 | _aWilliams, Peter J. G. | ||
| 245 | _aOn prescription | ||
| 260 | _c2005 | ||
| 490 |
_aEstates Gazette _v(0536) 10 September 2005, 270-272(3) |
||
| 520 | _aExamines the 14 prescribed clauses which will have to appear at the front of all registrable leases form June 2006 and discusses how these changes will affect all parties.to the lease. After that date any lease not containing the correct wording could according to the severity of the mistake lead to non-acceptance by the Land Registry or the Registry not being bound to note matters that have been omitted, placing the tenant and his adviser in a difficult position. Describes the background to this major change in Land Registry practice. The new provisions are set out in the Land Registration (Amendment)(No 2) Rules 2005 Part II. Outlines the leases to which these Rules apply and provides a timetable for changes. | ||
| 590 | _aIKA270905 | ||
| 690 | _aPROPERTY-LEASEHOLD PROPERTY-LANDLORD AND TENANT-LEASES | ||
| 700 | 1 | _aColby, Allyson | |
| 700 | 1 | _aFenn, Katherine | |
| 856 | 4 | 1 |
_uhttps://www.opsi.gov.uk/si/si2005/20051982.htm _zView the Rules free of charge at www.opsi.gov.uk... |
| 942 | _n0 | ||
| 999 |
_c75892 _d75892 |
||